Canadians - Sudden Death - Statistics

General Stats
  • This quiz has been taken 117 times
    104 since last reset
  • The average score is 8 of 17
Answers on the Grid
Answers color-coded by a green-red scale on the quiz's grid according to % correct below.
Ryan Reynolds
Jodie Foster
Caitlyn Jenner
Liam Neeson
Christian Bale
Keanu Reeves
Leonard Cohen
Steve Martin
Shawn Mendes
Michael Keaton
Nicholas Cage
Alan Arkin
O.J. Simpson
Mike Myers
Henry Kissinger
Justin Bieber
Christopher Plummer
Jane Fonda
William Shatner
Joan Rivers
Eleanor Roosevelt
Michael J. Fox
Stephen Hawking
Michael Cera
Frida Kahlo
Bryan Adams
Neve Campbell
Shania Twain
Ryan Gosling
Kate Winslet
Kelly Clarkson
Meryl Streep
Thomas Edison
Celine Dion
Donald Sutherland
Drake
 
Answer Stats
Answer % Correct
Ryan Reynolds
88%
Drake
63%
Celine Dion
59%
Justin Bieber
59%
Ryan Gosling
55%
Michael J. Fox
54%
Leonard Cohen
52%
Shania Twain
52%
Keanu Reeves
50%
Shawn Mendes
50%
Mike Myers
48%
Bryan Adams
46%
William Shatner
45%
Donald Sutherland
38%
Michael Cera
36%
Christopher Plummer
25%
Neve Campbell
25%
No matching quizzes found
Score Distribution
Percent of People with Each Score
Percentile by Number Answered
Your Score History
You have not taken this quiz since the last reset